000
00248nam a2200097Ia 4500
008
170619s9999 xx 000 0 und d
100
_a
KUMAR- BALBIR/ JAIN-S B
245
0
_a
ELECTRONIC DEVICES AND CIRCUITS
260
_b
New Delhi : New Age
260
_c
2007
546
_a
ENGLISH
999
_c
18424
_d
18424